=LDR 00000nam 2200000 4500 =001 NUTBA000000000002165 =005 20140606094406.0 =006 =007 =008 =020 ##$$a 978-979-1276-73-3 =035 ##$$a 0010-061400000000108 =040 ##$$a NBPDMAT =082 ##$$a 745.5 =090 ##$$a 745.5 $b Bag a =100 ##$$a Bagas Shinugi =245 ##$$a Aksesori dari barang bekas / $c Bagas Shinugi =250 ##$$a Cet.3 =260 ##$$a Jakarta : $b Mediantara Semesta, $c 2011 =300 ##$$a 52 hlm. : $b ilus. ; $c 23 cm. =500 ##$$a Bibliografi : hlm. 52 =650 ##$$a Kerajinan Tangan =850 ##$$a NBPDMAT =990 ##$$a 21400657